000 00771nam a22002777a 4500
001 BR8905470
003 BR-BrBNA
005 20230928093330.0
007 ta
008 230509b bl.||||| |||| 00| 0 por d
040 _aBR-BrBNA
_bpor
_cBiblioteca Nacional de Agricultura
041 _a(Por)
072 _aL01
_b5212
_b9410
090 _ 5212 BR8905470
110 1 _aGoverno do Estado do Mato Grosso do Sul, Campo Grande (Brasil)
_95362
245 1 _aDiagnostico e diretrizes operacionais para a pecuaria leiteira
260 3 _aRecife, PE (Brasil):
_c1986.
300 _a42 p.
500 _a9 tables
650 _aPECUARIA
650 _aGADO LEITEIRO
650 _aMANEJO
650 _aDOENCA ANIMAL
909 _a202309
_bLucia
_c55
_dLucia Elande
942 _cBK
999 _c44365
_d44365